Zdokonalování veřejné správy a samosprávy České republiky : sborník z celostátní odborné konference konané 26. a 27. října [2006] v Brně

Korporativní autor: Moravskoslezská akademie pro vzdělání, vědu a umění
Další autoři: Zdokonalování veřejné správy a samosprávy České republiky (konference), Masarykova univerzita. Ekonomicko-správní fakulta, Vysoké učení technické v Brně, Regionpartner (program)
Jazyk: Čeština
Vydáno: Brno : Konvoj, 2007
Vydání: 1. vyd.
Témata:
Externí odkaz: Digitalizovaný dokument
Fyzický popis: 214 s. : il., mapy, portréty ; 21 cm
Knihy
Uloženo v:
LEADER 02694nam a2200553 a 4500
001 nkc20071760751
003 CZ PrNK
005 20141125084835.0
007 ta
008 071025s2007 xr abc f 100 0 cze
015 |a cnb001760751 
020 |a 978-80-7302-125-2  |q (Konvoj ;  |q brož.)  |z 978-80-7302-125-0 
035 |a (OCoLC)730405115 
040 |a BOA001  |b cze  |d ABA001 
043 |a e-xr--- 
072 7 |a 35  |x Veřejná správa  |2 Konspekt  |9 15 
080 |a 35  |2 MRF 
080 |a 353.9  |2 MRF 
080 |a 35(091)  |2 MRF 
080 |a (437.3)  |2 MRF 
080 |a (062.534)  |2 MRF 
111 2 |a Zdokonalování veřejné správy a samosprávy České republiky (konference)  |d (2006 :  |c Brno, Česko)  |7 mzk2007412313 
245 1 0 |a Zdokonalování veřejné správy a samosprávy České republiky :  |b sborník z celostátní odborné konference konané 26. a 27. října [2006] v Brně 
250 |a 1. vyd. 
260 |a Brno :  |b Konvoj,  |c 2007 
300 |a 214 s. :  |b il., mapy, portréty ;  |c 21 cm 
500 |a "K 90. výročí vzniku Československa a projektu Demokratické unie střední Evropy (1918-2008)"--Obálka 
500 |a Pod názvem: Moravskoslezská akademie pro vědu, vzdělání a umění, Ekonomicko správní fakulta Masarykovy univerzity, Vysoké učení technické a EU Regionpartner v Brně 
504 |a Obsahuje bibliografie a bibliografické odkazy 
650 0 7 |a veřejná správa  |7 ph127076  |z Česko  |2 czenas 
650 0 7 |a územní samospráva  |7 ph128366  |z Česko  |2 czenas 
650 0 7 |a správní dějiny  |7 ph492502  |z Česko  |2 czenas 
650 0 9 |a public administration  |z Czechia  |2 eczenas 
650 0 9 |a regional administration  |z Czechia  |2 eczenas 
650 0 9 |a history of administration  |z Czechia  |2 eczenas 
655 7 |a sborníky konferencí  |7 fd133333  |2 czenas 
655 9 |a proceedings of conferences  |2 eczenas 
710 2 |a Moravskoslezská akademie pro vzdělání, vědu a umění  |7 mzk2005280446 
710 2 |a Masarykova univerzita.  |b Ekonomicko-správní fakulta  |7 kn20010709273 
710 2 |a Vysoké učení technické v Brně  |7 kn20010709205 
710 2 |a Regionpartner (program)  |7 mzk2007412315 
856 4 1 |u http://www.digitalniknihovna.cz/mzk/uuid/uuid:4f10b250-31e9-11ef-ae8e-005056827e52  |y Digitalizovaný dokument  |x NDK 
910 2 |a BOA001  |b 2-1193.633 
990 |a BK 
995 |a 01 
991 |b 200711  |c NOV 
996 6 |b 2610323605  |c 2-1193.633  |l MZK  |r Sklad / do 1 hodiny  |n 1  |p kup  |w 000872685  |u 000010  |a 1  |e BOA001  |j MZK50  |s P 
996 7 |b 2610323606  |c 2-1193.633  |l MZK  |r Sklad / do 1 hodiny  |n 39  |p kup  |w 000872685  |u 000020  |a 1  |e BOA001  |j MZK50  |s A 
996 7 |b 2610481134  |c 2-1193.633  |l MZK  |r Sklad / do 1 hodiny  |n 20  |p dar  |w 000872685  |u 000030  |a 1  |e BOA001  |j MZK50  |s A